LEADER 01271nam a2200289 u 4500 001 000000014955 003 CaOOAMICUS 005 20070226105826.0 008 940517s1977 it u000 u ita u 035 $a10351306 040 $aPUL(R)$bita 100 1 $aPesce, Domenico,$d1913-$0(OLS)http://pul/name/139 245 12$aL'etica stoica nel terzo libro del De Finibus /$cDomenico Pesce. 260 $aBrescia :$bPaideia,$cc1977. 300 $a82 p. ;$c22 cm 490 1 $aAntichità classica e cristiana ;$v15 504 $aBibliografia in nota. 600 14$aCicero, Marcus Tullius,$d106-43 a.C.$tDe finibus bonorum et malorum$9(Cicero, Marcus Tullius, 106-43 a.C.).$0(OLS)http://pul/subject/10432 650 4$aFilosofia antica.$0(OLS)http://pul/subject/205 650 4$aStoici e stoicismo.$0(OLS)http://pul/subject/5133 830 0$aAntichità classica e cristiana ;$v15.$0(OLS)http://pul/title/173 850 $aPUL 852 $aPUL$W1$xSL Filosofia 1$y2$m81 H 55$j20946$nBK-PRI$b $qStampati$B20946$CPULBib$Z2$F20946 $H $81 941 1 $a8 961 $aINV: 43926 996 $6245$aL'etica stoica nel terzo libro del De Finibus$9(OLS)http://pul/title/21453 996 $6260$aBrescia :$bPaideia$9(OLS)http://pul/publisher/47884 LEADER 01385nam a2200313 u 4500 001 000000031746 003 CaOOAMICUS 005 20070226112156.0 008 971007s1982 it u000 u ita u 035 $a10771859 040 $aPUL(R)$bita 041 1 $aita$agrc$hger 100 1 $aSchlier, Heinrich,$d1900-1978.$0(OLS)http://pul/name/289 240 10$aRömerbrief.$lItaliano.$0(OLS)http://pul/title/26211 245 13$aLa lettera ai Romani /$ccommento di Heinrich Schlier ; traduzione italiana di R. Favero e G. Torti ; edizione italiana a cura di Omero Soffritti. 260 $aBrescia :$bPaideia,$c1982. 300 $a729 p. ;$c23 cm 490 1 $aCommentario teologico del Nuovo Testamento ;$v6 500 $aTesto greco e traduzione. 630 04$aBiblia.$pN.T.$pAd Romanos$xCommenti.$0(OLS)http://pul/subject/1766 700 1 $aSoffritti, Omero.$0(OLS)http://pul/name/6838 700 1 $aTorti, Giovanni.$0(OLS)http://pul/name/25200 700 1 $aFavero, Roberto.$0(OLS)http://pul/name/23846 830 0$aCommentario teologico del Nuovo Testamento ;$v6.$0(OLS)http://pul/title/43668 850 $aPUL 852 $aPUL$W1$xSL Religione 1$y3$m1(7) P 1.6$j43795$nBK-PRI$b $qStampati$B43795$CPULBib$Z2$F43795 $82 941 1 $a8 996 $6245$aLa lettera ai Romani$9(OLS)http://pul/title/43456 996 $6260$aBrescia :$bPaideia$9(OLS)http://pul/publisher/47884